| 000 | 00699nam a22002057a 4500 | ||
|---|---|---|---|
| 005 | 20251108165413.0 | ||
| 008 | 250721s1956 xx 000 0 ara d | ||
| 082 | 1 | 4 | _aم/928.11/ثعا |
| 100 | 1 | _aالثعالبي، أبو منصور عبد الملك بن محمد بن إسماعيل | |
| 245 | 1 | 0 | _aيتيمة الدهر في محاسن أهل العصر / |
| 250 | _aط2 | ||
| 264 | 1 |
_aالقاهرة : _bالمكتبة التجارية الكبرى، _c1956. |
|
| 300 | _a4ج . 2مج | ||
| 650 | 1 | 7 | _aالشعراء |
| 650 | 1 | 7 | _aالتراجم |
| 650 | 1 | 7 | _aالعرب |
| 700 | 1 |
_aعبد الحميد، محمد محي الدين _eتحقيق |
|
| 942 |
_2ddc _cREF |
||
| 999 |
_c27090 _d27090 |
||